[Event "Saarland-ch B"]
[Site "Schiffweiler"]
[Date "2009.04.05"]
[Round "3"]
[White "Herges, Harald"]
[Black "Holle, Eric"]
[Result "1-0"]
[WhiteElo "1499"]
[BlackElo "1765"]
[PlyCount "117"]
[EventDate "2009.04.03"]
[EventType "swiss"]
[EventRounds "9"]
[EventCountry "GER"]
[SourceTitle "EXT 2012"]
[Source "ChessBase"]
[SourceDate "2011.11.24"]
[SourceVersion "1"]
[SourceVersionDate "2011.11.24"]
[SourceQuality "1"]

1. e4 e6 2. d4 d5 3. e5 c5 4. c3 Nc6 5. Bb5 Qb6 6. Bxc6+ bxc6 7. b3 cxd4 8. cxd4 Bb4+ 9. Kf1 Ba6+ 10. Ne2 Ne7 11. a3 Bxe2+ 12. Kxe2 Qb5+ 13. Qd3 Qxd3+ 14. Kxd3 Ba5 15. b4 Bb6 16. Nc3 Nf5 17. Ne2 f6 18. f4 a5 19. Bd2 Nh4 20. g3 Nf3 21. Bc3 fxe5 22. dxe5 axb4 23. axb4 Rxa1 24. Rxa1 Kd7 25. h3 g5 26. Nd4 Nxd4 27. Bxd4 Bxd4 28. Kxd4 Rb8 29. Ra7+ Kc8 30. Kc5 Rb7 31. Rxb7 Kxb7 32. fxg5 Kc7 33. h4 Kd7 34. h5 Ke7 35. g6 hxg6 36. h6 Kf7 37. h7 Kg7 38. h8Q+ Kxh8 39. Kxc6 d4 40. b5 d3 41. b6 d2 42. b7 d1Q 43. b8Q+ Kg7 44. Qd6 Qf3+ 45. Kd7 Qb7+ 46. Qc7 Qd5+ 47. Ke7 g5 48. Ke8+ Kh6 49. Qd6 Kg7 50. Qf8+ Kg6 51. Qf6+ Kh5 52. Ke7 Kg4 53. Qxe6+ Qxe6+ 54. Kxe6 Kxg3 55. Kf5 g4 56. e6 Kf3 57. e7 g3 58. e8Q g2 59. Qe1 1-0

[Event "Saarland-ch B"]
[Site "Schiffweiler"]
[Date "2009.04.04"]
[Round "2"]
[White "Ramm, Madlen"]
[Black "Herges, Harald"]
[Result "1-0"]
[WhiteElo "1566"]
[BlackElo "1499"]
[PlyCount "79"]
[EventDate "2009.04.03"]
[EventType "swiss"]
[EventRounds "9"]
[EventCountry "GER"]
[SourceTitle "EXT 2012"]
[Source "ChessBase"]
[SourceDate "2011.11.24"]
[SourceVersion "1"]
[SourceVersionDate "2011.11.24"]
[SourceQuality "1"]

1. e4 e5 2. Nf3 Nc6 3. Bb5 d6 4. 0-0 Bd7 5. c3 Nf6 6. Re1 Be7 7. d4 exd4 8. cxd4 0-0 9. Nc3 a6 10. Bd3 Re8 11. a3 b5 12. b4 Bg4 13. Be3 Bf8 14. h3 Bh5 15. Rc1 Bg6 16. d5 Ne5 17. Nxe5 Rxe5 18. Bf4 Re8 19. Qc2 Rc8 20. Nb1 Qd7 21. Nd2 Re7 22. Nb3 Rce8 23. f3 Nxd5 24. Bg3 Nf6 25. Qc6 Qxc6 26. Rxc6 Nh5 27. Bh4 Rd7 28. Rxa6 Rb8 29. Nd4 Rb6 30. Bxb5 Rxa6 31. Bxa6 c5 32. Nc6 d5 33. exd5 Rxd5 34. Ne7+ Bxe7 35. Rxe7 Kf8 36. Rc7 f6 37. Rxc5 Rd1+ 38. Kh2 Nf4 39. Bg3 Ne2 40. Bxe2 1-0

[Event "Saarland-ch B"]
[Site "Eppelborn"]
[Date "2008.03.26"]
[Round "6"]
[White "Herges, Harald"]
[Black "Maier, Gennadi"]
[Result "0-1"]
[WhiteElo "1519"]
[BlackElo "1529"]
[PlyCount "124"]
[EventDate "2008.03.14"]
[EventType "swiss"]
[EventRounds "7"]
[EventCountry "GER"]
[SourceTitle "EXT 2010"]
[Source "ChessBase"]
[SourceDate "2010.11.25"]
[SourceVersion "1"]
[SourceVersionDate "2010.11.25"]
[SourceQuality "1"]

1. e4 e5 2. Nf3 Nf6 3. Nc3 Nc6 4. d3 Bc5 5. Be2 0-0 6. 0-0 a6 7. Bg5 h6 8. Bh4 d6 9. Nd5 g5 10. Bg3 Nxd5 11. exd5 Ne7 12. c4 f5 13. h3 Ng6 14. Nd2 Bd4 15. Rb1 Qf6 16. Nb3 Ba7 17. Rc1 f4 18. Bh2 Nh4 19. Bg4 Nf5 20. Kh1 Nd4 21. Bxc8 Raxc8 22. f3 Nf5 23. Qe2 Kg7 24. c5 h5 25. Nd2 Ne3 26. Ne4 Qe7 27. Rfe1 dxc5 28. Bg1 Nf5 29. Bf2 Nd4 30. Qd2 Kg6 31. Qc3 Rfd8 32. Bxd4 exd4 33. Qa5 Bb6 34. d6 Bxa5 35. dxe7 Re8 36. Re2 Rxe7 37. Rec2 Bb6 38. Rc4 Rd8 39. R4c2 Rd5 40. Kg1 Kf5 41. Kf2 Rdd7 42. b3 Rg7 43. Rh1 c6 44. a4 Bd8 45. Nxc5 Rc7 46. Ne4 a5 47. Nd6+ Ke6 48. Ne8 Rge7 49. Nxc7+ Rxc7 50. Rc5 b6 51. Rc2 Be7 52. Rhc1 c5 53. g3 fxg3+ 54. Kxg3 Bd6+ 55. Kg2 Kf5 56. Re2 Rg7 57. h4 gxh4+ 58. Kh1 Rg3 59. Rf1 h3 60. Re4 Kg5 61. Rf2 Bc7 62. Kh2 Rg2+ 0-1

[Event "Saarland-ch B"]
[Site "Eppelborn"]
[Date "2008.03.14"]
[Round "1"]
[White "Herges, Harald"]
[Black "Conrad, Egon"]
[Result "1-0"]
[WhiteElo "1519"]
[BlackElo "1662"]
[PlyCount "73"]
[EventDate "2008.03.14"]
[EventType "swiss"]
[EventRounds "7"]
[EventCountry "GER"]
[SourceTitle "EXT 2010"]
[Source "ChessBase"]
[SourceDate "2010.11.25"]
[SourceVersion "1"]
[SourceVersionDate "2010.11.25"]
[SourceQuality "1"]

1. e4 d5 2. exd5 Qxd5 3. Nc3 Qd6 4. Nf3 Nf6 5. d4 a6 6. Be2 Bg4 7. Be3 e6 8. Ne5 Bxe2 9. Nxe2 Nc6 10. f4 Ne7 11. 0-0 Nf5 12. Bf2 Ne4 13. Qd3 Nxf2 14. Rxf2 Be7 15. c4 0-0 16. Rd1 c6 17. Qb3 Qc7 18. Rf3 Rad8 19. Rc3 Rd6 20. Rh3 Rfd8 21. Qc2 g6 22. Rhd3 c5 23. d5 exd5 24. cxd5 b6 25. Nd4 Nxd4 26. Rxd4 Qb7 27. R4d3 Rxd5 28. Rxd5 Rxd5 29. Rf1 Bf6 30. Ng4 Bd4+ 31. Kh1 Qd7 32. f5 h5 33. fxg6 hxg4 34. gxf7+ Kf8 35. Qh7 Rg5 36. Qh6+ Rg7 37. Qh8+ 1-0

[Event "Saarland-ch B"]
[Site "Saarlouis Steinrausch"]
[Date "2005.03.19"]
[Round "2"]
[White "Gress, Alexander"]
[Black "Herges, Harald"]
[Result "1-0"]
[WhiteElo "1432"]
[BlackElo "1575"]
[PlyCount "70"]
[EventDate "2005.03.18"]
[EventType "swiss"]
[EventRounds "9"]
[EventCountry "GER"]
[SourceTitle "EXT 2012"]
[Source "ChessBase"]
[SourceDate "2011.11.24"]
[SourceVersion "1"]
[SourceVersionDate "2011.11.24"]
[SourceQuality "1"]

1. e4 e5 2. Nf3 Nc6 3. Bc4 Nf6 4. d4 exd4 5. e5 d5 6. Bb5 Nd7 7. 0-0 Be7 8. Bxc6 bxc6 9. Nxd4 Nb8 10. f4 c5 11. Nf3 0-0 12. Nc3 c6 13. b3 Bg4 14. Qd3 Qc8 15. Bb2 Bf5 16. Qe2 Nd7 17. Nd1 Nb6 18. Ne3 f6 19. Nxf5 Qxf5 20. Nh4 Qc8 21. Qh5 fxe5 22. fxe5 Bxh4 23. Qxh4 Qe6 24. Rf3 Rf5 25. Raf1 Raf8 26. Qg4 g6 27. Rxf5 Qxf5 28. Qxf5 gxf5 29. Kf2 Kf7 30. Kf3 Ke6 31. Kf4 Nd7 32. h3 d4 33. Ba3 Kd5 34. Kg5 Nxe5 35. Bxc5 Kxc5 1-0